000 00684nam a2200229Ia 4500
005 20250508165020.0
008 008 250505s9999 xx 000 0 eng d
020 _a0-521-55873-5
037 _aTextual
040 _aFEDL
_beng
_cFEDL
041 _aeng
_2eng
084 _a150.19, TOL
_qFEDL
100 _aTolman Charles W Ed.
_983569
245 0 _aCritical psychology: Contributions to an historical science of the subject
260 _aNew York, USA
_bCambridge University Press
_c1991
300 _axi,266p.
365 _aGBP
_b35
546 _aMACESE
700 _a Maiers Wolfgang Ed.
_9779710
942 _cTEXL
_h150.19, TOL
999 _c1392669
_d1392669